| 000 | 00618nam a22002052 4500 | ||
|---|---|---|---|
| 001 | 0000001124 | ||
| 005 | 20151021151051.0 | ||
| 008 | 070226s xx 000 0 eng d | ||
| 020 |
_a9966981527 : _cKES 500 |
||
| 040 |
_aKABU _cKABU |
||
| 050 | 0 |
_aBV4012.27 _b.G53 |
|
| 100 | 1 |
_aGichinga, Emmy Mwenesi. _@0000149663 |
|
| 245 | 1 | 0 |
_aMarriage counseling : _bcounseling guide. |
| 260 |
_aNairobi : _bGem Counseling Services, _c2005. |
||
| 300 | _a186 p. | ||
| 650 | 0 |
_aMarriage counseling. _@0000147976 |
|
| 852 | 1 | _9p550 KES | |
| 908 | _a070226 | ||
| 950 | _@1 | ||
| 999 |
_c307 _d307 |
||